10 biggest Cities - Wyoming - Statistics

General Stats
  • This quiz has been taken 19 times
  • The average score is 6 of 10
Answer Stats
Inhabitants City % Correct
65.051 Cheyenne
93%
58.656 Casper
80%
32.884 Gillette
73%
10.849 Jackson
73%
23.196 Rock Springs
67%
19.095 Sheridan
67%
31.659 Laramie
53%
10.587 Riverton
53%
11.814 Evanston
47%
11.609 Green River
40%
No matching quizzes found
Score Distribution
Percent of People with Each Score
Percentile by Number Answered
Your Score History
You have not taken this quiz